[Event "2BLN 2223 SV Werder Bremen II - HSK Lis"]
[Site "?"]
[Date "2022.10.23"]
[Round "2.6"]
[White "Ewert, Hannes"]
[Black "Voege, Tobias"]
[Result "1/2-1/2"]
[WhiteElo "2292"]
[BlackElo "2315"]
[PlyCount "83"]
[EventDate "2022.??.??"]

1. d4 e6 2. Nf3 Nf6 3. g3 b6 4. Bg2 Bb7 5. O-O Be7 6. c4 O-O 7. Nc3 Ne4 8. Bd2 d5 9. cxd5 exd5 10. Rc1 Nd7 11. Bf4 c5 12. b3 Bf6 13. Nxe4 dxe4 14. Nd2 Qe7 15. dxc5 Nxc5 16. Qc2 Rac8 17. Qb1 Rfe8 18. Rfd1 Ne6 19. Rxc8 Rxc8 20. Nxe4 Nxf4 21. gxf4 Bxe4 22. Qxe4 Qa3 23. Qf5 Rc1 24. Rxc1 Qxc1+ 25. Bf1 h6 26. e3 Bh4 27. Qg4 Bf6 28. Qd7 Qc2 29. Bd3 Qd1+ 30. Kg2 g6 31. h3 Kg7 32. f5 g5 33. Qd5 g4 34. Qe4 gxh3+ 35. Kxh3 Qd2 36. Kg2 Qxa2 37. Bc4 b5 38. Bd5 Qe2 39. Qf4 Qh5 40. Bc6 a6 41. Bb7 a5 42. Bc6 1/2-1/2

[Event "2BLN 2223 SV Werder Bremen II - HSK Lis"]
[Site "?"]
[Date "2022.10.23"]
[Round "2.3"]
[White "Hoeffer, David"]
[Black "Kollen, Zyon"]
[Result "1/2-1/2"]
[WhiteElo "2322"]
[BlackElo "2355"]
[PlyCount "88"]
[EventDate "2022.??.??"]

1. d4 e6 2. Nc3 d5 3. Bf4 Nf6 4. Nb5 Na6 5. e3 c6 6. Nc3 Bb4 7. Nge2 O-O 8. a3 Bd6 9. Nc1 Bxf4 10. exf4 c5 11. Bxa6 cxd4 12. Qxd4 bxa6 13. O-O Qb6 14. Nb3 Bd7 15. Rad1 Rac8 16. g3 Rc4 17. Qxb6 axb6 18. Nd4 Rfc8 19. Rfe1 g6 20. Nce2 Ne4 21. f3 Nd6 22. Rd2 R4c7 23. b3 f6 24. Nc1 Kf7 25. Na2 Nb5 26. Nxb5 axb5 27. Nb4 Ra8 28. g4 Rxa3 29. Kf2 Ra8 30. h4 Bc6 31. Ke3 e5 32. fxe5 fxe5 33. Nxc6 Rxc6 34. Rxd5 Rxc2 35. Rxe5 Rc3+ 36. Kf4 Rxb3 37. Re7+ Kg8 38. R1e6 Rf8+ 39. Kg5 Rbxf3 40. Rxb6 R8f7 41. Rxf7 Rxf7 42. h5 gxh5 43. gxh5 Rd7 44. Rxb5 Rd6 1/2-1/2

[Event "2BLN 2223 SV Werder Bremen II - HSK Lis"]
[Site "?"]
[Date "2022.10.23"]
[Round "2.2"]
[White "Joachim, Sven"]
[Black "Pfreundt, Jakob"]
[Result "1/2-1/2"]
[WhiteElo "2396"]
[BlackElo "2394"]
[PlyCount "78"]
[EventDate "2022.??.??"]

1. Nf3 Nf6 2. c4 e6 3. b3 b6 4. Bb2 Bb7 5. e3 g6 6. Be2 Bg7 7. O-O O-O 8. d4 d5 9. Nbd2 Nbd7 10. Rc1 a5 11. Qc2 Qe7 12. cxd5 Nxd5 13. Rfd1 Rfc8 14. Nc4 c5 15. dxc5 Rxc5 16. Bxg7 Kxg7 17. Qb2+ Qf6 18. Qxf6+ N5xf6 19. Nd6 Bd5 20. Bb5 Ra7 21. Rxc5 Nxc5 22. Ne5 Nfe4 23. Nxe4 Nxe4 24. Bc4 Nc3 25. Rd2 Rc7 26. Rc2 Nb1 27. Bd3 Rxc2 28. Bxc2 Nc3 29. a4 f6 30. Nd7 b5 31. axb5 Nxb5 32. Nb6 Na3 33. Nxd5 Nxc2 34. Nf4 Kf7 35. Nd3 Ke7 36. Kf1 Kd6 37. Ke2 Na1 38. b4 axb4 39. Nxb4 Nb3 1/2-1/2

[Event "2BLN 2223 SV Werder Bremen II - HSK Lis"]
[Site "?"]
[Date "2022.10.23"]
[Round "2.8"]
[White "Kardoeus, David"]
[Black "Lammers, Markus"]
[Result "0-1"]
[WhiteElo "2174"]
[BlackElo "2294"]
[PlyCount "62"]
[EventDate "2022.??.??"]

1. e4 e5 2. Nf3 Nf6 3. Nc3 Nc6 4. Bb5 Bd6 5. d3 O-O 6. Bg5 a6 7. Ba4 b5 8. Bb3 Na5 9. Nd5 Be7 10. Nxe7+ Qxe7 11. c3 Nxb3 12. Qxb3 d6 13. O-O h6 14. Bh4 g5 15. Bg3 Nh5 16. a4 Bd7 17. axb5 axb5 18. Ra3 Kh7 19. Rfa1 Rac8 20. Ra7 Nf4 21. Bxf4 gxf4 22. c4 bxc4 23. Qxc4 Be6 24. Qc6 Rg8 25. Rc1 Bh3 26. g3 Qf6 27. Ne1 fxg3 28. hxg3 Rxg3+ 29. fxg3 Rg8 30. Ng2 Rxg3 31. Rc2 Qf3 0-1

[Event "2BLN 2223 SV Werder Bremen II - HSK Lis"]
[Site "?"]
[Date "2022.10.23"]
[Round "2.7"]
[White "Pubantz, Jan"]
[Black "Bach, Matthias"]
[Result "1-0"]
[WhiteElo "2273"]
[BlackElo "2206"]
[PlyCount "126"]
[EventDate "2022.??.??"]

1. d4 Nf6 2. c4 c5 3. d5 e6 4. Nc3 exd5 5. cxd5 d6 6. g3 g6 7. Bg2 Bg7 8. Nf3 O-O 9. O-O Re8 10. Bf4 Bf5 11. Nh4 Bg4 12. Qd2 Nh5 13. Bg5 f6 14. Be3 g5 15. h3 Bc8 16. g4 gxh4 17. gxh5 f5 18. Kh1 Nd7 19. Rg1 Kh8 20. Bg5 Bf6 21. f4 b5 22. Nxb5 Qb6 23. a4 a6 24. Bxf6+ Nxf6 25. Qc3 Rf8 26. Na3 Qb4 27. Qxb4 cxb4 28. Nc4 Nxh5 29. e3 Rd8 30. Na5 Ng3+ 31. Kh2 Re8 32. Rge1 Ra7 33. Nc6 Rc7 34. Rac1 Bd7 35. Kg1 Ne4 36. Bxe4 Rxe4 37. Kf2 a5 38. b3 Be8 39. Nxa5 Ra7 40. Nc4 Rf7 41. Rg1 Rf6 42. Nd2 Re7 43. Rc4 Bf7 44. Rxb4 h6 45. Rb5 Kh7 46. Nc4 Rc7 47. a5 Be8 48. Rb6 Bf7 49. Rd1 Bh5 50. Rc1 Bf7 51. Rb5 Be8 52. Rb6 Bf7 53. Rc6 Ra7 54. Rxd6 Rxd6 55. Nxd6 Bxd5 56. b4 Rg7 57. Nxf5 Rg2+ 58. Ke1 Rh2 59. Rc7+ Kh8 60. Nxh4 Be4 61. Re7 Bd3 62. Nf3 Rxh3 63. Kd2 Bb5 1-0

[Event "2BLN 2223 SV Werder Bremen II - HSK Lis"]
[Site "?"]
[Date "2022.10.23"]
[Round "2.5"]
[White "Schulze, Torben"]
[Black "Richter, Christian"]
[Result "1/2-1/2"]
[WhiteElo "2278"]
[BlackElo "2355"]
[PlyCount "53"]
[EventDate "2022.??.??"]

1. e4 e5 2. Nf3 Nc6 3. d4 exd4 4. Nxd4 Nf6 5. Nxc6 bxc6 6. e5 Qe7 7. Qe2 Nd5 8. c4 Ba6 9. b3 g6 10. g3 Bg7 11. Bb2 O-O 12. Bg2 Rae8 13. O-O Bxe5 14. Qxe5 Qxe5 15. Bxe5 Rxe5 16. cxd5 Bxf1 17. Kxf1 cxd5 18. Na3 c6 19. Nc2 Rb8 20. Rd1 Rb5 21. Ne1 Re8 22. Bf3 Kf8 23. Rd4 Ra5 24. Rd2 Rb5 25. Rd4 Ra5 26. Rd2 Rb5 27. Rd4 1/2-1/2

[Event "2BLN 2223 SK Zehlendorf - SF Berlin II"]
[Site "?"]
[Date "2022.10.23"]
[Round "2.1"]
[White "Jakubowski, Krzysztof"]
[Black "Sawlin, Leonid"]
[Result "0-1"]
[WhiteElo "2473"]
[BlackElo "2405"]
[PlyCount "62"]
[EventDate "2022.??.??"]

1. e4 e6 2. d4 d5 3. Nc3 Nf6 4. e5 Nfd7 5. Nce2 c5 6. c3 Nc6 7. Nf3 Qb6 8. a3 Be7 9. Nf4 g5 10. Nh5 g4 11. Ng7+ Kf8 12. Bh6 gxf3 13. Qxf3 cxd4 14. Nxe6+ Ke8 15. Ng7+ Kd8 16. Qxf7 Ndxe5 17. Qxd5+ Kc7 18. Bf4 Qxb2 19. Rc1 Rf8 20. Bxe5+ Nxe5 21. Qxe5+ Bd6 22. Qg5 Bxa3 23. Qa5+ Kd6 24. Rc2 Qb1+ 25. Kd2 Rxf2+ 26. Be2 Rxe2+ 27. Kxe2 Qxc2+ 28. Kf1 Qc1+ 29. Kf2 Qe3+ 30. Kf1 Qf4+ 31. Kg1 Bc5 0-1

[Event "2BLN 2223 SK Zehlendorf - SF Berlin II"]
[Site "?"]
[Date "2022.10.23"]
[Round "2.2"]
[White "Baskin, Robert"]
[Black "Baum, Jonasz"]
[Result "1/2-1/2"]
[WhiteElo "2432"]
[BlackElo "2406"]
[PlyCount "62"]
[EventDate "2022.??.??"]

1. e4 e5 2. Nf3 Nc6 3. Bb5 Nf6 4. O-O Nxe4 5. Re1 Nd6 6. Nxe5 Be7 7. Bf1 Nxe5 8. Rxe5 O-O 9. Nc3 Ne8 10. Nd5 Bd6 11. Re1 c6 12. Ne3 Be7 13. c4 Nc7 14. d4 d5 15. cxd5 Bb4 16. Bd2 Bxd2 17. Qxd2 Nxd5 18. Nxd5 Qxd5 19. Re5 Qd6 20. Bc4 Bd7 21. Rae1 Rae8 22. Qc3 b6 23. h3 Be6 24. R1e4 Re7 25. Qe3 Rfe8 26. d5 cxd5 27. Bxd5 Kf8 28. Qf4 Qd7 29. Bxe6 Rxe6 30. Rxe6 Rxe6 31. Rxe6 Qxe6 1/2-1/2

[Event "2BLN 2223 SK Zehlendorf - SF Berlin II"]
[Site "?"]
[Date "2022.10.23"]
[Round "2.3"]
[White "Florstedt, Johannes"]
[Black "Tazbir, Marcin"]
[Result "1/2-1/2"]
[WhiteElo "2362"]
[BlackElo "2511"]
[PlyCount "66"]
[EventDate "2022.??.??"]

1. e4 c6 2. d4 d5 3. e5 Bf5 4. h4 h5 5. Bd3 Bxd3 6. Qxd3 e6 7. Bg5 Qa5+ 8. Nd2 Qa6 9. c4 Bb4 10. b3 Ne7 11. Ngf3 Nd7 12. O-O Nf5 13. Qc2 O-O 14. c5 b6 15. a3 Bxd2 16. Bxd2 bxc5 17. dxc5 Qb5 18. b4 Rfb8 19. Rac1 a5 20. bxa5 Qb3 21. Bb4 Qxc2 22. Rxc2 Rb7 23. g3 f6 24. Re1 Kf7 25. Kg2 Re8 26. Ree2 Rb5 27. Rb2 Reb8 28. Kf1 R8b7 29. Kg2 Ra7 30. Rb1 Ra8 31. Rbe1 Re8 32. Rb1 Ra8 33. Rbe1 Re8 1/2-1/2

[Event "2BLN 2223 SK Zehlendorf - SF Berlin II"]
[Site "?"]
[Date "2022.10.23"]
[Round "2.4"]
[White "Brodowski, Piotr"]
[Black "Poltorak, Sebastian"]
[Result "1/2-1/2"]
[WhiteElo "2461"]
[BlackElo "2332"]
[PlyCount "62"]
[EventDate "2022.??.??"]

1. Nf3 c5 2. c4 Nf6 3. Nc3 d5 4. cxd5 Nxd5 5. g3 Nc6 6. Bg2 Nc7 7. O-O e5 8. a3 Rb8 9. Rb1 Be7 10. b4 cxb4 11. axb4 b5 12. Bb2 O-O 13. Ne4 f6 14. d4 f5 15. Nc5 e4 16. Qb3+ Qd5 17. Nd2 Qxb3 18. Ndxb3 Nd5 19. Ra1 Ndxb4 20. Rfc1 Rd8 21. e3 Rb6 22. f3 Bg5 23. Kf2 Nd5 24. Re1 Ncb4 25. f4 Bxf4 26. gxf4 Nc2 27. Rac1 Nxe1 28. Rxe1 Rh6 29. h3 g6 30. Ra1 Rd6 31. Nc1 Rc6 1/2-1/2

[Event "2BLN 2223 SK Zehlendorf - SF Berlin II"]
[Site "?"]
[Date "2022.10.23"]
[Round "2.5"]
[White "Polzin, Rainer"]
[Black "Stachowiak, Kamil"]
[Result "1/2-1/2"]
[WhiteElo "2385"]
[BlackElo "2466"]
[PlyCount "58"]
[EventDate "2022.??.??"]

1. e4 c5 2. Nf3 e6 3. d4 cxd4 4. Nxd4 Nc6 5. Nc3 Qc7 6. Qd3 a6 7. Nxc6 bxc6 8. Qg3 Qxg3 9. hxg3 d6 10. Be3 Nf6 11. f3 Be7 12. O-O-O O-O 13. g4 Nd7 14. Be2 a5 15. Rh5 Re8 16. Rdh1 Nf8 17. Na4 Ba6 18. c4 e5 19. Bd1 Bc8 20. Nb6 Rb8 21. Nxc8 Rexc8 22. Bc2 Rb7 23. Kb1 Rcb8 24. Bc1 Rb4 25. Bd3 f6 26. g3 h6 27. R5h2 Ne6 28. Rd1 Bd8 29. Bf1 Nd4 1/2-1/2

[Event "2BLN 2223 SK Zehlendorf - SF Berlin II"]
[Site "?"]
[Date "2022.10.23"]
[Round "2.6"]
[White "Luch, Michal"]
[Black "Ahlander, Bjorn"]
[Result "1/2-1/2"]
[WhiteElo "2371"]
[BlackElo "2406"]
[PlyCount "29"]
[EventDate "2022.??.??"]

1. d4 Nf6 2. c4 e6 3. Nc3 Bb4 4. Qc2 d5 5. a3 Bxc3+ 6. Qxc3 O-O 7. Bg5 h6 8. Bh4 c5 9. dxc5 d4 10. Qc2 e5 11. e3 Qe7 12. O-O-O Nc6 13. Bxf6 Qxf6 14. Bd3 a5 15. Nf3 1/2-1/2

[Event "2BLN 2223 SK Zehlendorf - SF Berlin II"]
[Site "?"]
[Date "2022.10.23"]
[Round "2.8"]
[White "Lagunow, Alexander"]
[Black "Nogly, Christoph"]
[Result "1/2-1/2"]
[WhiteElo "2360"]
[BlackElo "2250"]
[PlyCount "51"]
[EventDate "2022.??.??"]

1. c4 e6 2. Nc3 d5 3. d4 Nf6 4. Bg5 Nbd7 5. e3 h6 6. Bh4 Be7 7. Nf3 O-O 8. Qc2 a6 9. cxd5 exd5 10. Bd3 c6 11. a3 Nh5 12. Bxe7 Qxe7 13. O-O-O Nhf6 14. Rhg1 Nb6 15. h3 c5 16. dxc5 Qxc5 17. g4 Ne8 18. g5 h5 19. g6 fxg6 20. Ne5 Bf5 21. Nxg6 Bxd3 22. Rxd3 Rf7 23. Rg5 Nf6 24. Rd4 Rc8 25. Nf4 Qe7 26. h4 1/2-1/2

[Event "2BLN 2223 SK König Tegel - SV Glückau"]
[Site "?"]
[Date "2022.10.23"]
[Round "2.1"]
[White "Heberla, Bartlomiej"]
[Black "Rabiega, Robert"]
[Result "1-0"]
[WhiteElo "2559"]
[BlackElo "2490"]
[PlyCount "51"]
[EventDate "2022.??.??"]

1. e4 e5 2. Nf3 Nf6 3. Nxe5 d6 4. Nf3 Nxe4 5. Nc3 Nxc3 6. dxc3 Nc6 7. Be3 Be7 8. Qd2 Bf5 9. O-O-O Qd7 10. Be2 O-O 11. Kb1 a6 12. Nd4 Nxd4 13. Bxd4 Qa4 14. c4 Rfe8 15. g4 Bg6 16. h4 Bf8 17. b3 Qc6 18. f3 h6 19. h5 Bh7 20. g5 hxg5 21. Rdg1 f6 22. h6 Rxe2 23. Qxe2 Re8 24. Qd1 gxh6 25. Bxf6 Re6 26. Bb2 1-0

[Event "2BLN 2223 SK König Tegel - SV Glückau"]
[Site "?"]
[Date "2022.10.23"]
[Round "2.2"]
[White "Richter, Michael"]
[Black "Klimkowski, Jan"]
[Result "1/2-1/2"]
[WhiteElo "2479"]
[BlackElo "2441"]
[PlyCount "46"]
[EventDate "2022.??.??"]

1. d4 Nf6 2. Nf3 e6 3. e3 d5 4. Bd3 Be7 5. O-O O-O 6. Nbd2 c5 7. dxc5 Bxc5 8. a3 a5 9. e4 Nc6 10. e5 Nd7 11. Qe2 Be7 12. c4 Nc5 13. Bc2 b6 14. Rd1 Ba6 15. b3 Qc7 16. Bb2 Rfd8 17. Qe3 dxc4 18. Nxc4 Bxc4 19. bxc4 Rxd1+ 20. Rxd1 Rd8 21. Rxd8+ Qxd8 22. Nd4 Nxd4 23. Qxd4 Qxd4 1/2-1/2

[Event "2BLN 2223 SK König Tegel - SV Glückau"]
[Site "?"]
[Date "2022.10.23"]
[Round "2.3"]
[White "Kanarek, Marcel"]
[Black "Bruedigam, Martin"]
[Result "1/2-1/2"]
[WhiteElo "2488"]
[BlackElo "2375"]
[PlyCount "35"]
[EventDate "2022.??.??"]

1. e4 c6 2. d4 d5 3. Nc3 dxe4 4. Nxe4 Bf5 5. Ng3 Bg6 6. h4 h6 7. Nf3 Nd7 8. h5 Bh7 9. Bd3 Bxd3 10. Qxd3 e6 11. Bd2 Ngf6 12. O-O-O Be7 13. Kb1 Qb6 14. Rhe1 Rd8 15. Nh4 Nf8 16. Nf3 N8d7 17. Nh4 Nf8 18. Nf3 1/2-1/2

[Event "2BLN 2223 SK König Tegel - SV Glückau"]
[Site "?"]
[Date "2022.10.23"]
[Round "2.4"]
[White "Mueller, Nick"]
[Black "Leniart, Arkadiusz"]
[Result "1-0"]
[WhiteElo "2368"]
[BlackElo "2495"]
[PlyCount "139"]
[EventDate "2022.??.??"]

1. d4 Nf6 2. c4 e6 3. Nc3 d5 4. cxd5 exd5 5. Bg5 c6 6. e3 Be7 7. Bd3 Nbd7 8. Nge2 Nf8 9. Qc2 Ne6 10. Bh4 g6 11. O-O O-O 12. Rad1 Bd7 13. Qd2 a5 14. f3 b5 15. Bg3 Nh5 16. Bf2 f5 17. Bc2 Bg5 18. Nc1 Nf6 19. f4 Bh6 20. Bh4 g5 21. fxg5 Ne4 22. Bxe4 fxe4 23. Rxf8+ Bxf8 24. Qf2 Qe8 25. Rf1 Qh5 26. N3e2 Bd6 27. Ng3 Qg6 28. Nce2 Rf8 29. Qe1 Rxf1+ 30. Nxf1 b4 31. Bg3 Nxg5 32. Kh1 Be7 33. Bc7 a4 34. Nf4 Qg7 35. Be5 Qh6 36. Qd1 a3 37. bxa3 bxa3 38. Qb3 Qf8 39. Ng3 Nf7 40. Bc7 Qc8 41. Bb8 Qa6 42. h3 Kf8 43. Be5 Qb5 44. Qd1 Bh4 45. Kh2 Qb4 46. Qh5 Bxg3+ 47. Kxg3 Qe1+ 48. Kh2 Kg8 49. Bf6 Qxe3 50. Qh4 Bf5 51. Be5 Kf8 52. Qf6 Bd7 53. Qg7+ Ke7 54. Qxh7 Be8 55. Qh4+ Kd7 56. Qg4+ Kd8 57. Ne6+ Ke7 58. Bf4 Qf2 59. Bg3 Qxa2 60. Bh4+ Kd6 61. Nc5 Kc7 62. Bg3+ Kd8 63. Bh4+ Kc7 64. Qe6 Qb2 65. Qe7+ Kb8 66. Bg3+ Ka8 67. Qxe8+ Ka7 68. Qxf7+ Ka8 69. Qc7 Qb5 70. Nd7 1-0

[Event "2BLN 2223 SK König Tegel - SV Glückau"]
[Site "?"]
[Date "2022.10.23"]
[Round "2.5"]
[White "Sieciechowicz, Marcin"]
[Black "Rietze, Clemens"]
[Result "0-1"]
[WhiteElo "2401"]
[BlackElo "2299"]
[PlyCount "104"]
[EventDate "2022.??.??"]

1. d4 d5 2. c4 e6 3. Nc3 Bb4 4. a3 Bxc3+ 5. bxc3 Nf6 6. e3 c6 7. Nf3 O-O 8. Bd3 b6 9. O-O Ba6 10. Ne5 Nfd7 11. f4 Nf6 12. Qf3 Ne4 13. Bxe4 dxe4 14. Qxe4 Qc7 15. Rf2 f6 16. Nf3 Bxc4 17. Nd2 Bd5 18. Qd3 c5 19. Bb2 c4 20. Qe2 f5 21. e4 fxe4 22. g3 Nd7 23. Nxe4 Rae8 24. Re1 Ba8 25. h3 h6 26. Nd2 b5 27. Nf3 Nf6 28. Nd2 Bd5 29. Kh2 a5 30. Rc1 Rc8 31. Rff1 Rfe8 32. Rfe1 Qb6 33. Qf2 b4 34. axb4 axb4 35. cxb4 Qxb4 36. Bc3 Qa3 37. Qe3 Ra8 38. Ra1 Qf8 39. Qe2 Qd6 40. Reb1 Qc6 41. Qe5 Rxa1 42. Rxa1 Ra8 43. Qe1 Qc8 44. Qb1 Rxa1 45. Qxa1 Qe8 46. g4 Qg6 47. Qb1 Nxg4+ 48. hxg4 Qxg4 49. Qb8+ Kh7 50. Qb1+ g6 51. Ne4 Qxf4+ 52. Ng3 Qh4+ 0-1

[Event "2BLN 2223 SK König Tegel - SV Glückau"]
[Site "?"]
[Date "2022.10.23"]
[Round "2.6"]
[White "Sarbok, Torsten"]
[Black "Maciejczak, Jakub"]
[Result "1/2-1/2"]
[WhiteElo "2333"]
[BlackElo "2359"]
[PlyCount "122"]
[EventDate "2022.??.??"]

1. e4 c6 2. d4 d5 3. e5 Bf5 4. Nd2 e6 5. Nb3 Nd7 6. Nf3 h6 7. Be2 Ne7 8. O-O Bh7 9. a4 Ng6 10. a5 a6 11. c4 dxc4 12. Bxc4 Ne7 13. Qe2 Nd5 14. Nfd2 Be7 15. Ne4 O-O 16. Bd2 Re8 17. Rfc1 Bf8 18. g3 Rc8 19. f4 c5 20. Bxd5 exd5 21. Nexc5 Nxc5 22. Nxc5 Bxc5 23. Rxc5 Rxc5 24. dxc5 d4 25. Re1 Qd5 26. b4 Bc2 27. g4 Ba4 28. Kf2 Bc6 29. Kg3 Qb3+ 30. Kh4 f6 31. f5 fxe5 32. Qf2 Qf7 33. g5 hxg5+ 34. Bxg5 e4 35. Qxd4 Qxf5 36. Qc4+ Kh7 37. Qf1 Qe6 38. Qh3 Qc4 39. Qf5+ Kg8 40. Be3 Rf8 41. Qe5 Re8 42. Qg5 Rf8 43. Rg1 Qc3 44. Rd1 Qf6 45. Qxf6 Rxf6 46. Bd4 Rf4+ 47. Kg5 Rf3 48. Rg1 Kf7 49. Kh4 g6 50. Rg3 Rf1 51. Be3 Kf6 52. Rg2 Rf3 53. Rf2 Kf5 54. Rxf3+ exf3 55. Kg3 Ke4 56. Kf2 Kd3 57. Bf4 Kc3 58. Bc7 Kxb4 59. Bb6 Kc4 60. Ke3 Kb4 61. Kf2 Kc4 1/2-1/2

[Event "2BLN 2223 SK König Tegel - SV Glückau"]
[Site "?"]
[Date "2022.10.23"]
[Round "2.7"]
[White "Steczek, Marcin"]
[Black "Von Herman, Ulf"]
[Result "1-0"]
[WhiteElo "2356"]
[BlackElo "2332"]
[PlyCount "66"]
[EventDate "2022.??.??"]

1. d4 c5 2. d5 Nf6 3. Nc3 g6 4. e4 d6 5. Nf3 Bg7 6. Bb5+ Bd7 7. a4 O-O 8. O-O Na6 9. Re1 Nc7 10. Bf1 Rb8 11. h3 a6 12. a5 Bb5 13. Nd2 Bxf1 14. Nxf1 Nb5 15. Bd2 Nd7 16. Ne3 Nxc3 17. Bxc3 Bxc3 18. bxc3 b5 19. axb6 Qxb6 20. Qe2 Qb5 21. Rxa6 Qxe2 22. Rxe2 Ra8 23. Rc6 Ra1+ 24. Kh2 Rfa8 25. Nc4 R1a4 26. Nb6 Nxb6 27. Rxb6 R4a6 28. Rb3 Ra3 29. c4 R3a4 30. Rc3 Rb4 31. e5 Raa4 32. exd6 exd6 33. Re4 h5 1-0

[Event "2BLN 2223 SK König Tegel - SV Glückau"]
[Site "?"]
[Date "2022.10.23"]
[Round "2.8"]
[White "Breier, Andreas"]
[Black "Janaszak, Dawid"]
[Result "1/2-1/2"]
[WhiteElo "2357"]
[BlackElo "2326"]
[PlyCount "106"]
[EventDate "2022.??.??"]

1. d4 Nf6 2. Nf3 g6 3. g3 Bg7 4. Bg2 O-O 5. O-O d6 6. c4 c5 7. Nc3 Nc6 8. h3 cxd4 9. Nxd4 Nxd4 10. Qxd4 Be6 11. Qh4 Rc8 12. Nd5 b5 13. Nf4 bxc4 14. Nxe6 fxe6 15. Bg5 Qb6 16. Rac1 Qxb2 17. Rxc4 Qxa2 18. Ra4 Qxe2 19. Rxa7 Rf7 20. Qb4 Nd5 21. Qb7 Rcf8 22. Ra8 Rxf2 23. Rxf8+ Rxf8 24. Rxf8+ Kxf8 25. Kh2 h6 26. Bc1 g5 27. Qa8+ Kf7 28. Qa4 Ne3 29. Bxe3 Qxe3 30. Qg4 d5 31. h4 gxh4 32. Qh5+ Kf8 33. Qxh4 Be5 34. Qg4 h5 35. Qh4 d4 36. Qxh5 Qxg3+ 37. Kg1 Qe1+ 38. Bf1 Qe3+ 39. Kg2 Qg3+ 40. Kh1 d3 41. Qh3 Qe1 42. Qxd3 Bf4 43. Kg2 Kg7 44. Be2 e5 45. Qf3 Kf6 46. Qf2 Qc3 47. Qh4+ Ke6 48. Qh3+ Qxh3+ 49. Kxh3 e4 50. Kg2 Ke5 51. Kf1 Kd4 52. Ba6 Ke3 53. Bb5 Kd2 1/2-1/2

[Event "2BLN 2223 FC St. Pauli - SV Glückauf R"]
[Site "?"]
[Date "2022.11.26"]
[Round "3.1"]
[White "Heberla, Bartlomiej"]
[Black "Socko, Bartosz"]
[Result "1/2-1/2"]
[WhiteElo "2571"]
[BlackElo "2623"]
[PlyCount "107"]
[EventDate "2022.??.??"]

1. e4 e5 2. Nf3 Nc6 3. Bb5 a6 4. Ba4 Nf6 5. Nc3 b5 6. Bb3 Be7 7. d3 d6 8. a3 O-O 9. O-O Bg4 10. Be3 Qd7 11. h3 Bh5 12. Nd5 Nxd5 13. Bxd5 Bg6 14. a4 Rab8 15. axb5 axb5 16. Qd2 Kh8 17. Qc3 Nd8 18. Ra7 Rc8 19. d4 Bh5 20. Nh2 Bf6 21. dxe5 Bxe5 22. Qd3 Bxh2+ 23. Kxh2 Qe8 24. Qc3 c6 25. f3 b4 26. Qc4 Rb8 27. Bf4 cxd5 28. Qxd5 Rb5 29. Qxd6 Ne6 30. Bg3 Qc8 31. Rfa1 Rc5 32. R1a5 Rxc2 33. Rxh5 Rd8 34. Qe5 Rc5 35. Qxc5 Nxc5 36. Rc7 Qe6 37. Rcxc5 h6 38. Rhd5 Rc8 39. Rxc8+ Qxc8 40. Bd6 Qc4 41. b3 Qxb3 42. Rb5 Qd3 43. Rb8+ Kh7 44. Bxb4 Qd1 45. Bc5 Qd2 46. Rb6 Qf4+ 47. Kh1 Qc1+ 48. Bg1 f6 49. Rb5 Kg6 50. Rd5 h5 51. Kh2 Qf4+ 52. Kh1 Qc1 53. Kh2 Qf4+ 54. Kh1 1/2-1/2

[Event "2BLN 2223 FC St. Pauli - SV Glückauf R"]
[Site "?"]
[Date "2022.11.26"]
[Round "3.2"]
[White "Janik, Igor"]
[Black "Klimkowski, Jan"]
[Result "0-1"]
[WhiteElo "2539"]
[BlackElo "2441"]
[PlyCount "90"]
[EventDate "2022.??.??"]

1. d4 Nf6 2. c4 e6 3. Nf3 b6 4. g3 Bb4+ 5. Bd2 a5 6. Bg2 Bb7 7. O-O O-O 8. Bf4 Be7 9. Qc2 c5 10. dxc5 bxc5 11. Nc3 d6 12. Rfd1 Qb6 13. Qb3 Qa6 14. Nb5 Ne8 15. Bg5 f6 16. Bd2 Nc6 17. e4 a4 18. Qd3 Rd8 19. Bh3 f5 20. exf5 Ne5 21. Nxe5 dxe5 22. Qf1 exf5 23. Bc3 e4 24. Rxd8 Bxd8 25. Rd1 Bf6 26. Qe1 Bxc3 27. Qxc3 Qh6 28. Bg2 f4 29. gxf4 Qxf4 30. Qg3 Qf7 31. b3 axb3 32. axb3 Qh5 33. Nc3 Nf6 34. Qc7 e3 35. Qxb7 Qxd1+ 36. Nxd1 e2 37. Bf3 e1=Q+ 38. Kg2 Qe5 39. Ne3 Kh8 40. Qc6 Qg5+ 41. Kf1 Qf4 42. Kg2 Nd7 43. Qe4 Qf7 44. Qd5 Qg6+ 45. Kf1 Qf6 0-1

[Event "2BLN 2223 FC St. Pauli - SV Glückauf R"]
[Site "?"]
[Date "2022.11.26"]
[Round "3.3"]
[White "Kanarek, Marcel"]
[Black "Feuerstack, Aljoscha"]
[Result "1/2-1/2"]
[WhiteElo "2487"]
[BlackElo "2467"]
[PlyCount "75"]
[EventDate "2022.??.??"]

1. e4 c5 2. Nf3 e6 3. d4 cxd4 4. Nxd4 Nf6 5. Nc3 Nc6 6. Ndb5 Bc5 7. Nd6+ Ke7 8. Bf4 e5 9. Nf5+ Kf8 10. Bg5 d6 11. Ne3 Be6 12. Be2 h6 13. Bxf6 Qxf6 14. O-O g6 15. Ncd5 Qd8 16. c3 Kg7 17. Kh1 Rf8 18. Qd2 Ne7 19. Rad1 Nxd5 20. Nxd5 Qh4 21. f4 Bxd5 22. Qxd5 exf4 23. e5 Rae8 24. exd6 Rxe2 25. Qxc5 Qg4 26. Qd5 f3 27. Qxf3 Qxf3 28. gxf3 Rxb2 29. Rfe1 Rd8 30. a4 Rb6 31. Re7 Kf6 32. Rc7 Rdxd6 33. Rxd6+ Rxd6 34. Rxb7 Ra6 35. Rb4 Rc6 36. Rb7 Ra6 37. Rb4 Rc6 38. Rb7 1/2-1/2

[Event "2BLN 2223 FC St. Pauli - SV Glückauf R"]
[Site "?"]
[Date "2022.11.26"]
[Round "3.4"]
[White "Socko, Monika"]
[Black "Leniart, Arkadiusz"]
[Result "1/2-1/2"]
[WhiteElo "2458"]
[BlackElo "2493"]
[PlyCount "78"]
[EventDate "2022.??.??"]

1. d4 d5 2. c4 e6 3. Nf3 Nf6 4. g3 Bb4+ 5. Bd2 Be7 6. Bg2 c6 7. Qc2 Nbd7 8. O-O O-O 9. Bf4 Nh5 10. Bc1 Nhf6 11. Nbd2 b6 12. e4 Ba6 13. Re1 Rc8 14. e5 Ne8 15. cxd5 cxd5 16. Qb1 Qc7 17. Nf1 Qc2 18. Qxc2 Rxc2 19. Ne3 Rc8 20. Bd2 Nc7 21. Rac1 Na8 22. Bh3 Nb8 23. Bf1 Bxf1 24. Kxf1 b5 25. Rxc8 Rxc8 26. Rc1 Rxc1+ 27. Bxc1 Nb6 28. Ke2 Nc6 29. Nc2 a5 30. b3 f6 31. exf6 gxf6 32. Ba3 b4 33. Bc1 Na7 34. g4 Nb5 35. Bd2 Nd7 36. h4 Nb8 37. Kd3 Bd6 38. h5 Nc6 39. Nh4 Be7 1/2-1/2

[Event "2BLN 2223 FC St. Pauli - SV Glückauf R"]
[Site "?"]
[Date "2022.11.26"]
[Round "3.5"]
[White "Sieciechowicz, Marcin"]
[Black "Krause, Benedict"]
[Result "1/2-1/2"]
[WhiteElo "2395"]
[BlackElo "2414"]
[PlyCount "49"]
[EventDate "2022.??.??"]

1. d4 Nf6 2. c4 g6 3. Nc3 d5 4. Nf3 Bg7 5. Qb3 dxc4 6. Qxc4 O-O 7. e4 Nc6 8. Be2 e5 9. d5 Nd4 10. Nxd4 exd4 11. Qxd4 c6 12. Qc4 b5 13. Qxc6 Bd7 14. Qd6 Re8 15. f3 Nh5 16. Be3 f5 17. Qa3 fxe4 18. f4 Qh4+ 19. g3 Nxg3 20. Bf2 Qh3 21. Bxg3 Rec8 22. Bf1 Qh5 23. Be2 Qh3 24. Bf1 Qh5 25. Be2 1/2-1/2

[Event "2BLN 2223 FC St. Pauli - SV Glückauf R"]
[Site "?"]
[Date "2022.11.26"]
[Round "3.6"]
[White "Krause, Jonah"]
[Black "Steczek, Marcin"]
[Result "1/2-1/2"]
[WhiteElo "2390"]
[BlackElo "2367"]
[PlyCount "136"]
[EventDate "2022.??.??"]

1. d4 Nf6 2. c4 e6 3. Nf3 Bb4+ 4. Nbd2 b6 5. a3 Bxd2+ 6. Qxd2 Bb7 7. e3 O-O 8. b4 d6 9. Bb2 Nbd7 10. Be2 Qe7 11. O-O Rfd8 12. Rfd1 Nf8 13. Qc2 Ng6 14. h3 c5 15. dxc5 dxc5 16. Qc3 Ne8 17. bxc5 Qxc5 18. a4 Rac8 19. Rxd8 Rxd8 20. a5 Rc8 21. axb6 axb6 22. Qd4 Qc6 23. Bf1 f6 24. Ba3 Ra8 25. Bb4 e5 26. Qc3 Rxa1 27. Qxa1 Nc7 28. Qa2 Kh8 29. h4 Na6 30. Qd2 Qe8 31. h5 Nf8 32. Ba3 Nc5 33. Qd6 Nfd7 34. Nh4 Ne4 35. Qd1 Ndc5 36. Bxc5 bxc5 37. h6 Bc8 38. hxg7+ Kxg7 39. Qd5 Ng5 40. Qxc5 Qd7 41. Qb4 Qb7 42. Nf5+ Kg6 43. Ne7+ Kf7 44. Nd5 Qxb4 45. Nxb4 Ke6 46. Bd3 Kd6 47. Nd5 f5 48. f4 Nf7 49. Kf2 Be6 50. Nf6 exf4 51. exf4 Kc5 52. Kg3 Kd4 53. Bf1 Nd6 54. Kh4 Bxc4 55. Bxc4 Nxc4 56. Nxh7 Ne3 57. g3 Nf1 58. Nf6 Ke3 59. Nh5 Kf3 60. Kg5 Ne3 61. Ng7 Ke4 62. Nxf5 Nxf5 63. g4 Nd6 64. f5 Kf3 65. Kh5 Kf4 66. f6 Nf7 67. g5 Nxg5 68. f7 Nxf7 1/2-1/2